Normal view
MARC view
- Effective Reading-Reading Skills For Advanced students-Teacher's Book
Entry Topical Term
001 - CONTROL NUMBER
- control field: 1574
003 - CONTROL NUMBER IDENTIFIER
- control field: JO-AjAnu
005 - DATE AND TIME OF LATEST TRANSACTION
- control field: 20230606070548.0
008 - FIXED-LENGTH DATA ELEMENTS
- fixed length control field: 230606|| aca||aabn | a|a d
040 ## - CATALOGING SOURCE
- Original cataloging agency: JO-AjAnu
- Transcribing agency: JO-AjAnu
150 ## - HEADING--TOPICAL TERM
- Topical term or geographic name entry element: Effective Reading-Reading Skills For Advanced students-Teacher's Book
670 ## - SOURCE DATA FOUND
- Source citation: Work cat.: (JO-AjAnu)826: greenall,simon تأليف;Michael,Swan م.مشارك, author 1573, Effective Reading:Reading Skills For Advanced students:Teacher's Book